Introduction to engineering mechanics (Record no. 17563)

000 -LEADER
fixed length control field 00597nam a22002051 4500
001 - CONTROL NUMBER
control field 17563
003 - CONTROL NUMBER IDENTIFIER
control field BD-DhUET
008 - FIXED-LENGTH DATA ELEMENTS--GENERAL INFORMATION
fixed length control field 100604s1961 maua b 000 0 eng
040 ## - CATALOGING SOURCE
Original cataloging agency DLC
Transcribing agency DLC
Modifying agency BD-DhUET
082 ## - DEWEY DECIMAL CLASSIFICATION NUMBER
Classification number 620.1
Item number HUD/1961
100 ## - MAIN ENTRY--PERSONAL NAME
Personal name Huddleston, John V.
245 10 - TITLE STATEMENT
Title Introduction to engineering mechanics
250 ## - EDITION STATEMENT
Edition statement 1st ed.
260 ## - PUBLICATION, DISTRIBUTION, ETC. (IMPRINT)
Place of publication, distribution, etc. Massachusetts
Name of publisher, distributor, etc. Addison-Wesley Publishing
Date of publication, distribution, etc. 1961
300 ## - PHYSICAL DESCRIPTION
Extent xii, 493 p.
Other physical details ill.
Dimensions 24 cm.
490 0# - SERIES STATEMENT
Series statement Addison-Wesley series in the engineering sciences
504 ## - BIBLIOGRAPHY, ETC. NOTE
Bibliography, etc Includes bibliographies
650 #0 - SUBJECT ADDED ENTRY--TOPICAL TERM
Topical term or geographic name as entry element Engineering mechanics
942 ## - ADDED ENTRY ELEMENTS (KOHA)
Koha item type General Book
Holdings
Location (home branch) Source of classification or shelving scheme Koha full call number Sublocation or collection (holding branch) Not for loan Copy number Koha normalized classification for sorting Withdrawn status Date acquired Lost status Damaged status Shelving location Koha date last seen Piece designation (barcode) Koha item type Price effective from
Central Library, BUET 620.1/HUD/1961Central Library, BUET 1620_100000000000000_HUD_1961 2015-03-24  Circulation section2015-03-2410262General Book2015-03-24
Central Library, BUET 620.1/HUD/1961Central Library, BUET 2620_100000000000000_HUD_1961 2015-03-24  Circulation section2015-03-2438774General Book2015-03-24
Central Library, BUET 620.1/HUD/1961Central Library, BUET 3620_100000000000000_HUD_1961 2015-03-24  Circulation section2015-03-2410263General Book2015-03-24
Central Library, BUET 620.1/HUD/1961Central Library, BUET 4620_100000000000000_HUD_1961 2015-03-24  Circulation section2015-03-2428806General Book2015-03-24
Central Library, BUET 620.1/HUD/1961Central Library, BUET 5620_100000000000000_HUD_1961 2015-03-24  Circulation section2015-03-249235General Book2015-03-24
Central Library, BUET 620.1/HUD/1961Central Library, BUET 6620_100000000000000_HUD_1961 2015-03-24  Cataloging to Circulation2015-03-249261General Book2015-03-24
Central Library, BUET 620.1/HUD/1961Central Library, BUET 8620_100000000000000_HUD_1961 2015-03-24  Circulation section2015-03-2437760General Book2015-03-24
Central Library, BUET 620.1/HUD/1961Central Library, BUET 7620_100000000000000_HUD_1961 2015-03-28  Circulation section2015-03-2884383General Book2015-03-28